Contemporary trends in dairy plant management / (Record no. 22479)

MARC details
000 -LEADER
fixed length control field 00856cam a22002415a 4500
005 - DATE AND TIME OF LATEST TRANSACTION
control field 20081020032651.0
008 - FIXED-LENGTH DATA ELEMENTS--GENERAL INFORMATION
fixed length control field 081003s2008 ii ab b 001 0 eng
010 ## - LCCN (DPL NO)
LC control number ENG-92628
020 ## - INTERNATIONAL STANDARD BOOK NUMBER
Terms of availability 600.00
035 ## - SYSTEM CONTROL NUMBER
System control number EN-76161
037 ## - SOURCE OF ACQUISITION
Source of stock number/acquisition DBAD / PUB
040 ## - CATALOGING SOURCE
Original cataloging agency dpl
Language of cataloging English
082 ## - DEWEY DECIMAL CLASSIFICATION NUMBER
Classification number 637.1
100 ## - MAIN ENTRY--PERSONAL NAME
Personal name David, J.
245 ## - TITLE STATEMENT
Title Contemporary trends in dairy plant management /
Statement of responsibility, etc by J. David
260 ## - PUBLICATION, DISTRIBUTION, ETC. (IMPRINT)
Place of publication, distribution, etc New Delhi
Name of publisher, distributor, etc Kitab Mahal
Date of publication, distribution, etc 2007
270 ## - ADDRESS
Address 28, Netaji Subhash Marg, Daryaganj,
City New Delhi
Postal code 110002
300 ## - PHYSICAL DESCRIPTION
Extent xx, 378p.
Dimensions 22cm (Hb)
500 ## - GENERAL NOTE
General note Includes index
650 ## - SUBJECT ADDED ENTRY--TOPICAL TERM
Topical term or geographic name as entry element Dairy plant
General subdivision Management
942 ## - ADDED ENTRY ELEMENTS (KOHA)
Source of classification or shelving scheme Dewey Decimal Classification
Item type English Books
Call number suffix DAV
Classification part 637.1
Holdings
Withdrawn status Lost status Source of classification or shelving scheme Damaged status Not for loan Collection code Home library Current library Date acquired Source of acquisition Cost, normal purchase price Total Checkouts Full call number Barcode Date last seen Copy number Cost, replacement price Koha item type
    Dewey Decimal Classification   Not For Loan Non-fiction D.B.Act.Division D.B.Act.Division 27/01/2009 DBAD / PUB 600.00   637.1 DAV EN-76161 27/01/2009 1 600.00 English Books

© Delhi Public Library
Hit Counter
free hit counter